| 000 | 00638nam a2200205Ia 4500 | ||
|---|---|---|---|
| 003 | OSt | ||
| 005 | 20230519112551.0 | ||
| 008 | 210423s1999 xx 000 0 und d | ||
| 040 | _cAL | ||
| 041 | _aeng | ||
| 082 |
_a307 _223 _bWHIA |
||
| 100 |
_aWHITE (Shirley A),Ed _9109536 |
||
| 245 | _aArt of facilitating participation: relating the power of grassroots communication | ||
| 260 |
_aNew Delhi _bSage Publications _c1999 |
||
| 365 |
_b445 _cINR |
||
| 650 |
_aCommunities _9109537 |
||
| 650 |
_aSociology _9109538 |
||
| 906 | _aArt ; communication ; facilitating ; grassroots ; participation: ; power ; relating | ||
| 942 |
_2ddc _cBK |
||
| 999 |
_c172585 _d172585 |
||